Представление документа в формате MARC21

Поле Инд. ПП Название Значение
Тип записи a
Библиографический уровень m
001 _ Контрольный номер RU/URAIT/474543
005 _ Дата корректировки 20250915104056.8
008 Кодируемые данные 181126s2021 RU y f j 000 0 rus u
020 a ISBN 978-5-534-08297-5
c Цена, тираж 909.00
040 a Служба первич. каталог. ИКО Юрайт
c Служба, преобразующая запись ИКО Юрайт
e Правила каталог. RCR
041 a Код языка текста rus
044 a Код страны публикации RU
080 a Индекс УДК 378(075.8)
084 2 Источник индекса rubbk
a Индекс другой классификации/Индекс ББК 72.5я73
100 1_ a Автор Кувшинская Юлия Михайловна
q Полное имя Юлия Михайловна
245 a Заглавие Академическое письмо. От исследования к тексту
b Продолж. заглавия Учебник и практикум для вузов
c Ответственность Кувшинская Ю. М., Зевахина Н. А., Ахапкина Я. Э., Гордиенко Е. И. ; под ред. Кувшинской Ю.М.
256 a Характеристики компьютерного файла Электрон. дан.
260 a Место издания Москва
b Издательство Юрайт
c Дата издания 2021
300 a Объем 284 с
440 a Серия Высшее образование
500 a Примечание URL: https://urait.ru/bcode/474543 (дата обращения: 23.11.2021).
520 a Аннотация Современный студент много пишет. С первых месяцев учебы ему приходится сдавать разнообразные эссе, рефераты и курсовые. Однако вчерашний школьник имеет лишь приблизительное представление о том, какие требования предъявляются к подобным жанрам. Курс призван помочь студентам овладеть принципами академического письма, развить навыки исследовательской работы и научиться публично представлять итоги исследования в письменной и устной форме. Курс предназначен прежде всего учащимся, но будет интересна и полезна преподавателям и молодым ученым. Авторы желают вам интересных исследований и блестящих научных работ, и надеются, что этот курс поможет достичь успехов в учебе и науке!
538 a Прим. о системных особенностях Режим доступа: Электронно-библиотечная система Юрайт, для авториз. пользователей
653 a Ключевые слова Науковедение, история и философия науки
653 a Ключевые слова Гуманитарные и общественные науки.
653 a Ключевые слова Академическое письмо
653 a Ключевые слова Академическое письмо (русский язык)
653 a Ключевые слова Основы академического письма
653 a Ключевые слова Академическое письмо (на русском языке)
653 a Ключевые слова Риторика и академическое письмо
700 1_ a Другие авторы Зевахина Наталья Александровна
q Полное имя Наталья Александровна
700 1_ a Другие авторы Ахапкина Яна Эмильевна
q Полное имя Яна Эмильевна
700 1_ a Другие авторы Гордиенко Елена Игоревна
q Полное имя Елена Игоревна
856 40 u URL https://urait.ru/bcode/474543
x Примечание для ЭОР https://urait.ru/book/cover/4AA2F87E-0411-40DC-9341-5B0032B68DCD
z Примечание для пользователя Участвует в КО
856 41 u URL https://urait.ru/book/cover/4AA2F87E-0411-40DC-9341-5B0032B68DCD